000 01076nam a22003137a 4500
003 CHAP
005 20220817041748.0
008 971013s1977 es a r 00010 spa d
010 _a23673
011 _a24645
035 _a28744
040 _cCHAP
082 0 0 _a636.085
_bC47Y
100 0 0 _aChurch, D.C.
_922991
245 1 _aBases científicas para la nutrición y alimentación de los animales domésticos
260 _aZaragoza :
_bAcribia,
_c1977
300 _a462 p.
_b: ilus. ; gráfs
500 _atítulo varía: Fundamentos de nutrición y alimentación de animales
590 _aBATCH-UPD
_b10
_c20130110
_lUCH01
_h1546
590 _aBATCH-UPD
_b10
_c20130410
_lUCH01
_h0946
590 _aBATCH-UPD
_b10
_c20130914
_lUCH01
_h0929
590 _aCONVERSION
_b10
_c20130109
_lUCH01
_h1314
650 1 4 _aNutrición animal.
700 0 _aPond, Wilson G.
_990831
901 _aBK
942 _cLIBRO
949 _a636.085 C47Y
_bBC
_cLIBRO
_d-66231
_eLIBRO
_h47481
_i28744
_si
_t675.00
949 _a636.085 C47Y
_bBC
_cLIBRO
_d33724000223889
_eLIBRO
_fc.2
_h47482
_i28744
_si
_t675.00
999 _c23673
_d23673